00602nam a2200133Ia 4500008004100000100002800041245006700069245018400136260005300320260000900373300001000382650001500392856006100407170221s9999 xx 000 0 und d aNatalia A. Orekhovskaya aManagement of Young Professionals Success in the Labor Market  cNatalia A. Orekhovskaya, Sergei Y. Lavrentiev, Elmira R. Khairullina, Olga G. Yevgrafova, Zavgaria M. Sakhipova, Irina V. Strakhova, Natalya V. Khlebnikova, Marina N. Vishnevskaya bInternational Review of Management and Marketing c2012 a7 : 2 xMarketing. uhttp://www.econjournals.com/index.php/irmm/issue/view/72